MARC

LEADER 00000nam0a2200000 4500
001 151637
005 20231031150800.0
010 |a 5265007962 
020 |a RU  |b 89-81286 
035 |a (RuTPU)RU\TPU\book\164405 
090 |a 151637 
100 |a 20090126d1989 m y0rusy5003 ca 
101 0 |a rus 
102 |a RU 
105 |a c z 000ay 
200 1 |a Очарованная даль  |e роман  |f Л. И. Хаиндрава 
210 |a Москва  |c Советский писатель  |d 1989 
215 |a 528 с.  |d 20 см  |c портр. 
610 1 |a Грузины в Китае 
610 1 |a Эмигранты русские в Китае 
610 1 |a Китай, 20 в. 
610 1 |a грузинская литература 
610 1 |a романы 
675 |a 894.631  |z rus 
700 1 |a Хаиндрава  |b Л. И.  |g Леван Ивлианович  |4 070 
801 0 |a RU  |b RuMRKP  |c 19950417  |g psbo 
801 1 |a RU  |b 63413507  |c 20090126  |g PSBO 
801 2 |a RU  |b 63413507  |c 20090126  |g PSBO 
942 |c BK